| Tag |
First Indicator |
Second Indicator |
Subfields |
| LEADER |
00000cam a2200000 a 4500 |
| 001 |
in00000745652 |
| 005 |
20151016091624.0 |
| 007 |
hd afa014baca |
| 008 |
770119s1889 ctua a 00011 eng d |
| 035 |
|
|
|a (OCoLC)02687399
|
| 035 |
|
|
|9 ADH4592AM
|
| 040 |
|
|
|a JNA
|c JNA
|d OCL
|d UtOrBLW
|
| 049 |
|
|
|a TXAI
|
| 090 |
|
|
|a PS15
|
| 099 |
|
|
|a film
|a B
|a 1551
|
| 100 |
1 |
|
|a Waller, Mary E.
|q (Mary Ella),
|d 1855-1938.
|
| 245 |
1 |
4 |
|a The rose-bush of Hildesheim :
|b a cathedral story /
|c by M.E. Waller.
|
| 264 |
|
1 |
|a Boston :
|b Estes and Lauriat,
|c [1889]
|
| 264 |
|
4 |
|c ©1889
|
| 300 |
|
|
|a 36 pages :
|b illustrations
|
| 336 |
|
|
|a text
|b txt
|2 rdacontent
|
| 337 |
|
|
|a microform
|b h
|2 rdamedia
|
| 338 |
|
|
|a microfilm reel
|b hd
|2 rdacarrier
|
| 533 |
|
|
|a Microfilm.
|b Woodbridge, Conn. :
|c Research Publications,
|d 1970-1978.
|e 1 microfilm reel ; 35 mm.
|f (Wright American fiction ; v. 3 (1876-1900), Reel W-3, no. 5725)
|
| 500 |
|
|
|a Microform.
|
| 999 |
|
|
|a MARS
|
| 999 |
f |
f |
|s 584259c0-56dc-3d40-bf86-b6c406d0b8d2
|i 43b8e13f-0a1d-3d30-bfbd-533367449e5c
|t 0
|
| 952 |
f |
f |
|p default
|a Texas A&M University
|b College Station
|c Sterling C. Evans Library
|d Evans: Microforms (3rd floor)
|t 0
|e film B 1551 v. 3 reel W-3 no. 5725
|h Other scheme
|i microform -- microfilm reel
|
| 998 |
f |
f |
|a film B 1551 v. 3 reel W-3 no. 5725
|t 0
|l Evans: Microforms (3rd floor)
|